Helsinki - quiz wielokrotnego wyboru - Statystyki

Ogólne statystyki
  • Ten quiz został rozwiązany 462 razy
    459 od ostatniego zresetowania
  • Średni wynik to 5 z 10
Statystyki odpowiedzi
Zagadnienie Odpowiedź % Poprawnych
Król jakiego kraju założył Helsinki? Król Szwecji
80%
Jak się nazywa najbardziej utytułowany klub piłkarski z Helsinek? HJK Helsinki
77%
Helsinki są najbardziej wysuniętą na północ stolicą w? Unii Europejskiej
69%
W którym roku w Helsinkach odbyły się Letnie Igrzyska Olimpijskie? 1952
63%
Jak brzmi pseudonim Helsinek? Córka Bałtyku
59%
Jak się nazywa park rozrywki w Helsinkach? Linnanmäki
59%
Jak nazywa się twierdza wpisana na listę w UNESCO znajdująca się w Helsinkach? Suomenlinna
54%
Na ilu wyspach leżą Helsinki? 315
51%
Jak nazywa się największe muzeum w Helsinkach? Ateneum
17%
Ile w Helsinkach, znajduje się rezerwatów przyrody? 60
11%
Nie znaleziono quizów pasujących do podanych kryteriów
Rozkład punktacji
Procent ludzi z każdym wynikiem
Percentyl według liczby udzielonych odpowiedzi
Twoja historia wyników
Nie rozwiązałeś tego quizu od ostatniego zresetowania